| 000 | 00656nam a22001937a 4500 | ||
|---|---|---|---|
| 005 | 20150124130034.0 | ||
| 008 | 140207t fr||||| |||| 00| 0 fre d | ||
| 020 | _a2130532497 | ||
| 050 | 0 | 4 |
_aB3279 .H49 _bG74 2003 |
| 100 | 1 | _aGreisch, Jean | |
| 245 | 1 | 0 |
_aOntologie et temporalité : _besquisse d'une interprétation intégrale de Sein und Zeit / _cJean Greisch. |
| 260 |
_aParis, France : _bPresse Universitaires de France, _c2003. |
||
| 300 |
_a522 p. ; _c22 cm. |
||
| 490 | 1 | _aEpiméthée : essais philosophiques | |
| 600 |
_aHeidegger, Martin, _d1889-1976 |
||
| 650 | 7 |
_2Lemb _aFenomenología |
|
| 650 | 7 |
_2Lemb _aOntología |
|
| 942 |
_2ddc _cLIB |
||
| 999 |
_c48520 _d48520 |
||